Semantics

Gardado en:
Detalles Bibliográficos
Autor Principal: Saeed, John I. (autor)
Formato: Libro
Idioma:inglés
Publicado: Chichester Wiley-Blackwell 2009
Edición:3a. ed
Subjects:
Tags: Engadir etiqueta
Sen Etiquetas, Sexa o primeiro en etiquetar este rexistro!

MARC

LEADER 00000nam a2200000 a 4500
001 UCG1564
003 CL-VaPUC
008 100506e20090000UK |||||||||||||||||eng|d
020 |a 9781405156394 
082 0 4 |a 401.43  |b SAE  |2 21 
100 |a Saeed, John I.  |e autor  |9 605107 
245 1 0 |a Semantics 
250 |a 3a. ed 
300 |a 456 p 
942 |c BK 
945 |d 20100506 00:00:00  |a dcastane 
260 |a Chichester  |b Wiley-Blackwell  |c 2009 
650 0 |a Semántica  |9 265318 
650 0 |a Semiótica  |9 265317 
650 7 |a LINGUISTICA DESCRIPTIVA  |2 CL-VaPUC  |9 549558 
650 7 |a RELACIONES SEMANTICAS  |2 CL-VaPUC  |9 416269 
650 0 |a Análisis semántico  |9 369275 
650 7 |a TEORIA LINGUISTICA  |2 CL-VaPUC  |9 334835 
583 |a last modification  |c 20100506 00:00:00  |k Rodrigo Vera 
999 |c 340911  |d 340909 
952 |0 0  |1 0  |4 0  |6 401_430000000000000_SAE_2009  |7 0  |8 A  |9 436054  |a FDOPOS  |b FDOPOS  |d 2019-11-22  |i 467197K  |o 401.43 SAE 2009  |p 467197K  |r 2025-01-22  |w 2019-11-22  |y BK  |k DLA 
952 |0 0  |1 0  |4 0  |6 401_430000000000000_SAE_2009  |7 0  |8 A  |9 436055  |a FDOPOS  |b FDOPOS  |d 2019-11-22  |i 4671988  |o 401.43 SAE 2009  |p 4671988  |r 2025-01-22  |w 2019-11-22  |y BK  |k DLA 
952 |0 0  |1 0  |4 0  |6 401_430000000000000_SAE_2009  |7 0  |8 A  |9 436056  |a FDOPOS  |b FDOPOS  |d 2019-11-22  |i 4671996  |o 401.43 SAE 2009  |p 4671996  |r 2025-01-22  |w 2019-11-22  |y BK  |k DLA